[Event "AUT-chT 1718"]
[Site "Austria"]
[Date "2017.11.17"]
[Round "2.3"]
[White "Nagy, Gabor"]
[Black "Postny, Evgeny"]
[Result "0-1"]
[WhiteElo "2472"]
[BlackElo "2575"]
[Annotator "Postny,E"]
[PlyCount "72"]
[EventDate "2017.11.16"]
[EventType "team-tourn"]
[EventRounds "11"]
[EventCountry "AUT"]
[SourceTitle "CBM 182"]
[Source "ChessBase"]
[SourceDate "2018.01.17"]
[SourceVersion "1"]
[SourceVersionDate "2018.01.17"]
[SourceQuality "1"]
[WhiteTeam "Wulkaprodersdorf"]
[BlackTeam "Salzburg Royal"]
[WhiteTeamCountry "AUT"]
[BlackTeamCountry "AUT"]

1. e4 e5 2. Nf3 Nc6 3. Bb5 a6 4. Ba4 Nf6 5. d4 {A rare line. White opens up
the centre before castling.} exd4 6. O-O (6. e5 Ne4 7. O-O Be7 {leads to the
same position by a different order of moves.} (7... Nc5 {is another playable
option.})) 6... Be7 7. e5 (7. Re1 {is another line, which leads to a balanced
position after} b5 8. Bb3 d6 9. Bd5 Nxd5 10. exd5 Ne5 11. Nxd4 O-O {Black's
slightly weakened queenside is compensated for by the pair of bishops.}) 7...
Ne4 8. Nxd4 O-O {Black can also hunt the bishop with the immediate 8...Nc5 or
after the knight swap on d4.} (8... Nxd4 9. Qxd4 Nc5 10. Nc3 O-O (10... Nxa4 $6
11. Qxa4 O-O 12. Bf4 b5 13. Qe4 Rb8 14. Rad1 $14 {1/2-1/2 (29) Nagy,G (2472)
-Bunda,V (2299) Slovakia 2017}) 11. Nd5 d6 12. Nxe7+ Qxe7 13. exd6 Qxd6 14.
Qxd6 cxd6 15. Bb3 Nxb3 16. axb3 Bf5 $11 {1/2-1/2 (36) Mihok,O (2505)-Chirila,I
(2533) chess.com INT 2017}) (8... Nc5 9. Nf5 (9. Bxc6 dxc6 10. Nc3 O-O $11)
9... O-O 10. Qg4 g6 11. Bxc6 dxc6 12. Nxe7+ Qxe7 13. Qg3 {Here White is hoping
to exploit the dark squares, but the knight will cover them from e6.} Re8 14.
Re1 Bf5 15. Nc3 Ne6 $15 {0-1 (59) Pancevski,F (2489)-Ragger,M (2659) Heraklio
2017}) 9. Nf5 d5 10. Nxe7+ (10. exd6 Bxf5 11. dxe7 Nxe7 $11) 10... Nxe7 11. c3
{The structure is now similar to the Open Ruy Lopez.} Nc5 12. Bc2 Bf5 13. Na3
$146 {My opponent had played quickly so far and confirmed after the game that
he had prepared this novelty at home.} (13. Bxf5 Nxf5 14. Qf3 Ne7 (14... Qd7
$15) 15. Qe3 Ne6 16. f4 g6 17. g4 d4 18. Qe4 Nc5 19. Qxd4 Qxd4+ 20. cxd4 Ne6
21. Nc3 Nxd4 22. Be3 {1/2-1/2 (22) Bronstein,D-Antoshin,V Moscow 1956}) 13...
Ne6 ({I considered} 13... Qd7 {but, didn't like} 14. Be3 {though, after} b6 {
Black should be okay.}) 14. f4 Bxc2 $6 {This helps White to bring his knight
into play.} (14... d4 15. Bxf5 Nxf5 16. Qf3 dxc3 17. bxc3 Qe7 {[%cal Ge7c5]}
18. Kh1 Qd7 $1 19. Qxb7 Qd3 20. Qf3 Rfd8 $44) 15. Nxc2 f5 {15...g6 was an
option, but I wanted to block the kingside, or to open the f-file.} 16. exf6 $5
{My opponent decided to open up the position.} ({An engine gives White a
serious advantage after} 16. Nd4 {but, I think, it overestimates the defended
passed pawn on e5. The pawn is safely blocked. After} Qd7 {I would evaluate
the position as close to equal.}) 16... Rxf6 17. g4 Nc5 ({It was possible to
prevent the further advance of white's kingside pawns by} 17... g6 {but, I
didn't want to weaken the dark squares.}) 18. f5 {White is going forward, but
also his king will be vulnerable. The position is getting sharp.} Ne4 19. Nd4 (
19. Bf4 {was more flexible. White keeps an option to put the knight both on d4
or e3. The variations are quite complex. For instance:} Qd7 20. Qd3 g6 21. Be5
Rf7 22. Ne3 $1 (22. Rad1 gxf5 23. gxf5 Rxf5 24. Qxe4 dxe4 25. Rxd7 Rxe5 26.
Rxc7 b5 27. Ne3 Rd8 $11) 22... Re8 23. Rad1 $1 Nxf5 (23... Nc6 24. Bf4 $14) 24.
gxf5 Rxe5 25. Ng4 Rexf5 26. Rxf5 gxf5 27. Nh6+ Kg7 28. Nxf7 Qxf7 29. Qxd5 Qg6+
30. Kf1 Qg4 31. Qe5+ Kh6 32. Rd3 $14) 19... Qd7 20. Bf4 c5 (20... Re8 21. Ne6
g6 22. Nxc7 Rc8 23. Be5 gxf5 (23... Rxc7 24. Bxf6 Nxf6 25. fxg6 Qxg4+ 26. Qxg4
Nxg4 27. gxh7+ Kxh7 $11) 24. Nxd5 Qxd5 25. Qxd5+ Nxd5 26. Bxf6 Ndxf6 27. Rxf5
Nxg4 28. Re1 Ngf6 $11) 21. Nf3 (21. Ne6 g6 (21... Re8 22. c4 $14) ({I was also
considering the exchange sacrifice:} 21... Rxe6 22. fxe6 Qxe6 {with decent
compensation.}) 22. Be5 Nxf5 $1 23. Bxf6 (23. Nxc5 Nxc5 24. gxf5 Rxf5 25. Rxf5
Qxf5 26. Qxd5+ Ne6 27. Rf1 Rd8 28. Qxd8+ Nxd8 29. Rxf5 gxf5 $11) 23... Ne3 24.
Qf3 Nxf1 25. Nxc5 Nxc5 26. Rxf1 Rf8 $11) 21... h5 22. Ne5 Qe8 23. h3 (23. c4 {
is always an option to consider - undermining Black's centre. Again, there is
a number of spectacular lines, which lead to a draw in case of the best play
from both sides.} hxg4 24. cxd5 (24. Qxg4 Nxf5 25. Rae1 Nfd6 26. cxd5 Rxf4 $5
27. Qxf4 g5 28. Qxe4 $1 Nxe4 29. Rxe4 Qh5 30. Nd7 Qh3 31. Re7 Qg4+ 32. Kh1 Qc4
33. Rf5 Qd3 $1 34. Rxg5+ Kh8 35. Rh5+ Kg8 $11) 24... Nxf5 25. Qc2 (25. Qxg4 $6
Qa4 $1 $15 {[%cal Ga4d4,Ga8f8]}) 25... Nfd6 26. Nxg4 Qg6 27. Qg2 Rff8 $13)
23... Rd8 24. Qb3 $2 {The queen is going far away from the kingside, where the
main action is taking place. The threat to the b7-pawn is imaginary.} (24. Qf3
{was the logical move.} hxg4 (24... Nxf5 25. gxf5 Rxf5 26. Rae1 Rd6 27. Qe3
Rxe5 28. Bxe5 Qxe5 29. Re2 Rg6+ 30. Rg2 Rxg2+ 31. Kxg2 $11) 25. hxg4 Nxf5 26.
gxf5 Rxf5 27. Qh3 Rxe5 28. Bxe5 Qxe5 29. Rf5 Qd6 30. Rh5 Qg6+ 31. Kh2 Qd6+ $11)
24... hxg4 25. hxg4 (25. Nxg4 Rxf5 26. Qxb7 Rh5 27. Qxa6 Ng6 {with an
overwhelming position.}) {[%tqu "En","How should Black proceed?","","","e7f5",
"A pretty obvious sacrifice.",10]} 25... Nxf5 $1 $19 {A pretty obvious
sacrifice.} 26. gxf5 Rxf5 27. Rae1 Rxe5 28. Bxe5 Qxe5 {[%csl Rg1] Now Black is
also fine from a material point of view. The rook will join the attack soon.}
29. Qxb7 (29. Re2 Qg3+ 30. Rg2 Qe3+ 31. Kh2 Rd6 $19) 29... Qg3+ 30. Kh1 Qh3+
31. Kg1 Qg3+ 32. Kh1 Rd6 33. Qf7+ Kh7 34. Qf5+ Rg6 35. Re2 Qh4+ 36. Rh2 Ng3+
0-1

[Event "Belgrade RAD 30"]
[Site "Belgrade"]
[Date "1977.01.27"]
[Round "10.3"]
[White "Rajkovic, Dusan"]
[Black "Velimirovic, Dragoljub"]
[Result "1/2-1/2"]
[WhiteElo "2495"]
[BlackElo "2525"]
[Annotator "Primel,D"]
[PlyCount "143"]
[EventDate "1977.01.15"]
[EventType "tourn"]
[EventRounds "13"]
[EventCountry "SRB"]
[EventCategory "9"]
[SourceTitle "EXT 2018"]
[Source "ChessBase"]
[SourceDate "2017.10.13"]
[SourceVersion "1"]
[SourceVersionDate "2017.10.13"]
[SourceQuality "1"]
[TimeControl "40/9000:16/5400:0"]

1. e4 e5 2. Nf3 Nc6 3. Bb5 a6 4. Ba4 Nf6 5. O-O Be7 6. d4 O-O 7. d5 (7. Re1
exd4 8. e5 Ne8 9. c3 dxc3 10. Nxc3 d6 11. exd6 Nxd6 12. Nd5 $44) 7... Nb8 8.
Nxe5 (8. Re1 d6 9. c4 Nbd7 10. Nc3 Ne8 11. Bc2 g6 12. Bh6 Ng7 13. Qd2 Nf6 14.
h3 Kh8 15. Nh2 Ng8 16. Be3 f5 17. exf5 Nxf5 18. Bxf5 gxf5 19. f4 e4 20. g4 Nf6
21. g5 Nh5 22. Re2 c5 {Ermenkov,E (2445)-Velimirovic,D (2525) Moscow 1977 1/
2-1/2 (62)}) 8... Nxe4 9. c4 d6 10. Nd3 Nd7 11. Bc2 Nec5 (11... Ndc5 $143 12.
f3) 12. b4 Nxd3 13. Qxd3 f5 (13... g6 14. Bh6) 14. Bb2 Ne5 (14... Bf6 15. Qxf5)
15. Qb3 {[%cal Gb3g8,Gc4c5]} f4 16. Bxe5 dxe5 17. Nd2 {[%cal Gd2e4]} Kh8 18.
Rfe1 a5 19. a3 Ra6 $5 {[%csl Rb3,Rb4][%cal Ga6b6,Ga5b4] Un plan original} 20.
Rad1 $32 Rb6 21. Rxe5 (21. b5 $5 {Laisse la Rb6 assez mal placée tout en
gardant l'avantage d'espace.} Bf6 (21... Bd6) (21... Bg4) 22. Ne4 {[%csl Rb6]})
21... axb4 22. Rde1 Bc5 $1 {[%cal Gc5f2,Gf4f3]} 23. Qd3 Rh6 {[%cal Gd8h4]} 24.
Ne4 Be7 25. c5 bxa3 26. Qxa3 f3 $1 27. Ng3 (27. g3) 27... Bf6 28. R5e3 fxg2 29.
c6 $6 Bd4 $132 {[%csl Rf2]} 30. Rf3 Rg8 {Un coup bizarre mais les Noirs
veulent éviter l'échange des R} 31. Bf5 Rf6 32. Bxc8 Qxc8 33. Rxf6 Bxf6 34.
Kxg2 bxc6 35. dxc6 Rf8 36. Re3 g6 37. Rf3 Kg7 $15 {Dans cette position ouverte
et des P sur les deux ailes, le B doit dominer le N} 38. h3 Qe6 39. Qc5 Rd8 40.
Re3 Qd5+ 41. Ne4 Rd6 42. Qxd5 Rxd5 43. Ra3 Be5 44. Kf3 h6 45. Ke3 Kf7 46. f4
Bd4+ 47. Kf3 Bb6 $17 {[%csl Gb6,Rf4,Rh3]} 48. Ra8 Rd3+ 49. Kg2 Re3 50. Ng3 Rc3
51. h4 Rc2+ (51... Rxc6 52. h5) 52. Kf3 Rh2 53. Rb8 Rf2+ 54. Ke4 Rc2 55. h5 $1
{Simplifie la position pour tenter d'annuler} gxh5 56. Nxh5 Rxc6 57. Kf5 Bd4
58. Rd8 Bf6 59. Nxf6 Rxf6+ 60. Ke5 Re6+ 61. Kf5 Rd6 62. Rh8 Kg7 63. Rc8 $11 {
Forçant la R noire à occuper une mauvaise place} Rc6 {[%csl Rc6]} 64. Rd8
Rf6+ 65. Ke5 h5 66. f5 Rf8 67. Rd1 (67. Rd7+ Rf7 68. Rd8 h4) 67... h4 68. Rc1
Rc8 69. Rh1 Rh8 70. Rc1 h3 71. Rxc7+ Kh6 72. Rc1 1/2-1/2

[Event "Belgrade RAD 30"]
[Site "Belgrade"]
[Date "1977.01.23"]
[Round "7.2"]
[White "Matulovic, Milan"]
[Black "Smejkal, Jan"]
[Result "1/2-1/2"]
[WhiteElo "2510"]
[BlackElo "2575"]
[Annotator "Primel,D"]
[PlyCount "44"]
[EventDate "1977.01.15"]
[EventType "tourn"]
[EventRounds "13"]
[EventCountry "SRB"]
[EventCategory "9"]
[SourceTitle "EXT 2018"]
[Source "ChessBase"]
[SourceDate "2017.10.13"]
[SourceVersion "1"]
[SourceVersionDate "2017.10.13"]
[SourceQuality "1"]
[TimeControl "40/9000:16/5400:0"]

1. e4 e5 2. Nf3 Nc6 3. Bb5 a6 4. Ba4 Nf6 5. O-O Nxe4 6. d4 Be7 (6... b5 {
La grande ligne et cette variante Be7 est un peu douteuse}) 7. Qe2 f5 8. dxe5
O-O (8... Nc5) 9. Nc3 (9. Be3 Kh8 10. Nbd2 Nc5 11. Bxc5 Bxc5 12. c3 Qe7 13. b4
Ba7 14. Rfe1 Nd8 15. Nf1 b5 16. Bb3 Bb7 17. Ne3 Ne6 18. Nd5 Qe8 19. Rad1 Qg6
20. Qd2 Rae8 21. Kf1 Qh5 22. h3 c5 23. Nf4 Nxf4 {Romanishin,O (2595)-Smejkal,J
(2575) Leningrad 1977 1-0 (35)}) 9... Nc5 10. Bxc6 $146 (10. Bb3+ Nxb3 11. axb3
d5 12. exd6 Bxd6 13. Bf4 Re8 14. Qd2 Be6 15. Rad1 Be7 16. Rfe1 Qxd2 17. Rxd2
Bf6 18. Bxc7 Rac8 19. Bf4 h6 20. Rde2 Bf7 21. Be5 Nxe5 22. Nxe5 Bh5 23. f3 Rc5
24. Nd7 Bd4+ {Rabar,B-Longer,M Sarajevo 1951 1-0 (50)}) 10... dxc6 11. Rd1 Qe8
12. Bg5 $1 Ne6 13. Bxe7 Qxe7 14. Nd4 (14. Qc4 $5 {[%cal Gc4g8,Gf3d4] Une
précaution utile pour éviter Qb4 avant de jouer Nd4} Bd7 15. Rd2 (15. Nd4
Rad8)) 14... Qb4 $1 15. Nb3 Nf4 16. Qe3 Ng6 17. Rd4 f4 $1 18. Rxb4 fxe3 19. f3
Nxe5 20. Re4 Ng6 21. Rxe3 b6 22. Rd1 Kf7 1/2-1/2

[Event "Cappelle op 31st"]
[Site "Cappelle la Grande"]
[Date "2015.03.04"]
[Round "6"]
[White "Baklan, Vladimir"]
[Black "Pacher, Milan"]
[Result "1/2-1/2"]
[WhiteElo "2652"]
[BlackElo "2432"]
[Annotator "RR"]
[PlyCount "169"]
[EventDate "2015.02.28"]
[EventType "swiss"]
[EventRounds "9"]
[EventCountry "FRA"]
[SourceTitle "EXT 2016"]
[Source "ChessBase"]
[SourceDate "2015.10.08"]
[SourceVersion "1"]
[SourceVersionDate "2015.10.08"]
[SourceQuality "1"]

1. e4 e5 2. Nf3 Nc6 3. Bb5 a6 4. Ba4 Nf6 5. O-O Be7 6. d3 d6 7. c3 O-O 8. Re1
b5 9. Bc2 (9. Bb3 {La grande ligne} Na5 10. Bc2) 9... d5 {Une ligne secondaire
mais qui a été essayée par le grand spécialiste cote noir, M.BOTVINIK} 10.
Nbd2 d4 (10... dxe4 11. dxe4 Be6 12. Qe2 Nd7 13. b4 Nb6 14. a4 Nxa4 15. Bxa4
bxa4 16. Rxa4 Qc8 17. Bb2 f6 18. Rea1 Nb8 19. b5 Qb7 20. Bc1 Nd7 21. Rxa6 Rxa6
22. Rxa6 Nc5 23. Ba3 Bf7 24. Rc6 Qa7 25. Bb4 Rb8 26. c4 Be8 27. Bxc5 Bxc5 28.
Ra6 Qb7 29. Nb3 Bb4 30. Ne1 c6 31. Nd3 cxb5 32. Nxb4 bxc4 33. Qxc4+ Bf7 34. Nd5
{1/2-1/2 (34) Dominguez Perez,L (2726)-Jakovenko,D (2733) Tbilisi 2015}) 11.
Nb3 $146 (11. a4 Bg4 12. h3 Bh5 13. g4 Bg6 14. Nf1 Nd7 15. Ng3 dxc3 16. bxc3 b4
17. Bb2 Rb8 18. Bb3 Na5 19. Bc2 b3 20. Bb1 c5 21. Nf5 Re8 22. c4 Bxf5 23. exf5
Bf6 24. Re4 Nb7 25. Ra3 Nd6 26. Rxb3 Nxe4 27. dxe4 Nb6 28. Rd3 Qe7 29. a5 Nxc4
30. Bc3 Nb2 31. Bxb2 Rxb2 32. Bc2 Rd8 33. Qc1 Rxd3 34. Bxd3 Rb3 35. Qc4 Ra3 36.
Qxa6 h6 37. Kg2 Qd8 38. Bc4 Rxa5 39. Qb7 Qf8 40. h4 Ra3 {Karjakin,S (2756)
-Aronian,L (2803) Beijing 2013 1/2-1/2}) 11... a5 12. a4 $1 bxa4 13. Rxa4 Nd7
14. Rc4 (14. cxd4 Nb6 $11 {[%cal Gb6a4,Gd8d4]}) 14... a4 15. Nbxd4 {Gagne un P
mais la R Blanche est assez mal placée} exd4 16. Rxc6 dxc3 17. Rxc3 Bb4 18.
Bxa4 Nb6 19. Bg5 f6 $13 {Avec 03 pièces Blanches en prise!} 20. Bb3+ Kh8 21.
Be3 Bxc3 22. bxc3 $16 {Après cette phase tactique, les Blancs semblent avoir
gardé un petit avantage avec la paire de B dans une position ouverte et un
centre fort} Qe7 23. h3 Be6 24. Nd4 Bxb3 25. Qxb3 Ra3 26. Qe6 (26. Qb5 $5 Rxc3
27. Ne2 Rc2 (27... Ra3 28. Bc5 {[%cal Gc5e7,Gc5a3]}) 28. Qb1 Rc6 29. Nd4 Rc5 (
29... Rd6 30. Nf5) 30. Ne6 $40 {[%cal Ge6f8,Ge6c5,Ge3c5]}) 26... Qxe6 27. Nxe6
Rc8 28. Nxc7 $1 Rxc7 29. Bxb6 Rcxc3 30. d4 $44 {La finale est complexe car les
Noirs menacent de doubler les R en 07ème rangée} Kg8 31. Bc5 Rxc5 $5 (31...
Ra2 {[%csl Rf2][%cal Gc3c2] Plus naturel} 32. e5 fxe5 33. Rxe5 Rcc2 34. g4 Rxf2
$4 35. Re8+ Kf7 36. Rf8+) 32. dxc5 Rc3 33. Rd1 Rxc5 34. Rd8+ Kf7 35. Rd7+ Kg6
36. g4 h5 $1 {Après l'échange d'un P, la finale de R avec 3 P contre 2 sera
difficile à gagner pour les Blancs} 37. Kg2 hxg4 38. hxg4 Rc3 39. f3 Rb3 40.
Kg3 Ra3 41. Rd5 (41. Kf4) 41... Ra1 42. Kf4 {Les Blancs ont progressé un peu
avec la centralisation du K mais il y a encore du travail pour obtenir des
chances de gain.} Rg1 43. Rd6 Ra1 44. g5 {Un plan naturel pour tenter de
créer une faiblesse Noire mais il a pour défaut de simplifier à nouveau la
position} Ra5 45. gxf6 gxf6 46. Rd7 Ra4 $1 47. Rb7 Rc4 48. Rb5 Ra4 49. Kg4 Rc4
50. Kf4 Ra4 51. Rb3 Ra5 52. Rd3 Rb5 53. Kg4 Rg5+ 54. Kf4 Rb5 55. Rd5 $1 Rb3 56.
Rd6 Rb5 (56... Rb4 $144) 57. Ke3 Rb1 58. f4 {Continuant de jouer pour le gain
mais le K Blanc est maintenant très exposé} Re1+ 59. Kd4 (59. Kf3 $5 {
Plus souple} Rf1+ 60. Kg3) 59... Rf1 $1 60. f5+ Kg5 $132 61. Kd5 Ra1 62. Rc6
Ra5+ 63. Rc5 Ra8 64. Rc7 Ra5+ 65. Kd6 Kf4 66. Re7 Ra4 67. Re6 Kg5 68. Ke7 Ra7+
69. Kf8 Ra8+ 70. Kf7 Ra7+ 71. Re7 Ra6 72. Kg7 Rb6 73. Kh7 Rb5 74. Kg7 Rb6 75.
Ra7 Rb4 76. e5 $1 {La dernière chance} fxe5 77. f6 e4 78. f7 Rb8 79. Re7 Kf4
80. Re8 Rb7 81. Kg6 Rxf7 82. Kxf7 e3 83. Ke6 e2 84. Kd5 Kf3 85. Rxe2 1/2-1/2

[Event "Cappelle op 31st"]
[Site "Cappelle la Grande"]
[Date "2015.03.05"]
[Round "7"]
[White "Blomqvist, Erik"]
[Black "Lejarre, Ludovic"]
[Result "1-0"]
[WhiteElo "2521"]
[BlackElo "2359"]
[Annotator "RR"]
[PlyCount "85"]
[EventDate "2015.02.28"]
[EventType "swiss"]
[EventRounds "9"]
[EventCountry "FRA"]
[SourceTitle "EXT 2016"]
[Source "ChessBase"]
[SourceDate "2015.10.08"]
[SourceVersion "1"]
[SourceVersionDate "2015.10.08"]
[SourceQuality "1"]

1. e4 e5 2. Nf3 Nc6 3. Bb5 a6 4. Ba4 Nf6 5. O-O Be7 6. d3 (6. Re1) 6... b5 7.
Bb3 d6 8. a3 $5 {Cette ligne secondaire est devenue assez populaire à haut
niveau depuis quelques années} (8. a4 Bd7) (8. c3 O-O 9. Re1 Na5 {Transpose
sur les grandes lignes}) 8... O-O 9. Nc3 (9. Re1 Bg4 10. c3 {Hou,Y (2557)
-Kosteniuk,A (2510) Wch (Women) Nalchik 2008 (6.1) 0-1}) 9... Bg4 10. Be3 Nd4
11. Bxd4 $1 exd4 12. Nd5 c6 $6 {Le suédois n'avait pas de parties sur cette
ligne 8.a3 dans les bases et le rennais ne ll'a probablement pas préparé.} (
12... Nd7 $142 13. h3 Bxf3 14. Qxf3 c6 15. Nf4 Rb8 16. Ne2 Bf6 17. Qg3 Nc5 18.
Ba2 b4 19. axb4 Rxb4 20. Rfb1 Re8 21. Qf3 a5 22. c3 dxc3 23. bxc3 Rxb1+ 24.
Rxb1 Qc7 25. Qe3 g6 26. f3 Rb8 27. Rxb8+ Qxb8 28. d4 Nd7 29. Qd3 Qb7 30. f4 d5
31. e5 Be7 32. Qc2 Qb6 33. Kh2 Bd8 34. c4 Qb7 35. cxd5 cxd5 36. Nc3 Nb6 37. Qd3
Qc6 38. Qf3 a4 39. Nxd5 Nxd5 40. Bxd5 Qd7 41. Qe4 Kg7 42. Ba2 {Anand,V (2793)
-Adams,M (2745) London 2014 1-0}) (12... c5 $142 13. h3 Be6 14. Nf4 $1 Bxb3 15.
cxb3 $14 {Dominguez Perez,L (2723)-Inarkiev,E (2688) Capablanca Memorial Elite
48th 2013 (2) 1/2}) 13. h3 Bxf3 14. Nxf6+ Bxf6 15. Qxf3 Rc8 $146 (15... a5 16.
a4 b4 17. Qg4 Ra7 18. f4 g6 19. g3 Kg7 20. h4 Qc8 21. Qf3 h5 22. Rae1 Qg4 23.
e5 Be7 24. Qxg4 hxg4 25. f5 dxe5 26. Rxe5 Bd6 27. Re4 Bxg3 28. Rxg4 Be5 29.
fxg6 fxg6 30. Rxg6+ Kxg6 31. Rxf8 Bf6 32. h5+ Kg5 33. h6 Be5 34. Re8 Bf4 35.
Kg2 Kxh6 36. Kf3 Bc1 37. Ke4 Bxb2 38. Ke5 Kg7 39. Rg8+ Kh7 40. Kd6 Rg7 41.
Rxg7+ Kxg7 42. Kxc6 {1-0 (42) Korneev,O (2591)-Kharchenko,B (2483) Taganrog
2015}) 16. a4 $1 $16 {[%csl Gb3,Rf6] Le Bb3 est nettement plus actif que le
Bf6 et c'est d'ailleurs l'idée sous-jacente de cette variante 8.a3} Qd7 17.
Ra2 $1 Rc7 (17... b4 $5 {Peut-être un moindre mal de manière à éviter
l'ouverture de la colonne "a" mais la poussée b4 commence à rendre mauvais
le Bf6}) (17... Ra8 $1 18. Rfa1 Qb7 {La position Noire est un peu passive mais
il n'est pas facile d'améliorer la position Blanche}) 18. axb5 axb5 19. Rfa1
$36 Rb8 20. Ra6 {[%csl Rc6][%cal Ge4e5]} Rbb7 $6 {[%csl Rb7,Rc7] Evite un
éventuel Ra6a7 des Blancs avec pression sur f7 mais les R Noires sont très
passives} 21. Ra8+ Rc8 22. Rxc8+ $1 {En général avec un avantage d'espace,
il vaut mieux éviter les échanges mais la mauvaise position de la Rb7 va
donner des ressources tactiques au GMI} Qxc8 23. e5 $1 dxe5 24. Qxc6 $40 {
La pointe! Non seulement la Rb7 est mal placée mais elle bouche la diagonale}
Rb8 25. Qxc8+ Rxc8 26. Ra7 $1 {[%csl Gb3,Rf7] Une partie modèle pour cette
variante 8.a3 qui vise à maintenir le B sur la diagonale a2g8} Rf8 27. Rb7 g6
28. Rxb5 Re8 29. Kf1 Re7 30. Bd5 $1 Rc7 31. b4 Be7 (31... Rxc2 $2 32. Rb7 Rb2
33. Rxf7) 32. Bb3 Kg7 33. Rb8 (33. Ke2) 33... Bd6 34. Rb6 Be7 35. b5 Bc5 36.
Rb8 Ba7 37. Re8 Kf6 38. Ke2 Re7 39. Rc8 Rb7 40. Kf3 Ke7 41. Ke4 Bb8 42. Bc4 Rb6
43. g4 1-0